Ako dopadne Lukašenkova stratégia?

Hodnotenie režimu v Bielorusku ako poslednej diktatúry v Európe. Bielorusko bez šance stať sa členom Rady Európy. Volebná kampaň prezidenta Lukašenka. Režim osobnej diktatúry a prehlbovania medzinárodnej izolácie režimu. Bielorusko ako mrazivý priestor medzi Ruskou federáciou a Európskou úniou.

Uložené v:
Podrobná bibliografia
Hlavný autor: Weiss, Peter
Médium: Kapitola
Jazyk:Slovak
Predmet:
Tagy: Pridať tag
Žiadne tagy, Buďte prvý, kto otaguje tento záznam!

MARC

LEADER 00000naa$a2200000$$$4500
001 0052983
005 20240502071618.1
041 0 |a slo 
044 |a SK 
245 1 0 |a Ako dopadne Lukašenkova stratégia?  |c Peter Weiss 
520 |a Hodnotenie režimu v Bielorusku ako poslednej diktatúry v Európe. Bielorusko bez šance stať sa členom Rady Európy. Volebná kampaň prezidenta Lukašenka. Režim osobnej diktatúry a prehlbovania medzinárodnej izolácie režimu. Bielorusko ako mrazivý priestor medzi Ruskou federáciou a Európskou úniou. 
610 2 0 |a politika vnútorná 
610 2 0 |a politika zahraničná 
610 2 0 |a politika medzinárodná 
610 2 0 |a voľby 
610 2 0 |a prezidenti 
610 2 0 |a situácia hospodárska 
610 2 0 |a vzťahy medzinárodné 
610 2 0 |a organizácie medzinárodné 
610 2 0 |a Bielorusko 
610 2 0 |a Európska únia 
100 1 |a Weiss, Peter